000 00256nam a2200097Ia 4500
001 1095135
005 20250827003009.0
008 250824s9999 xx 000 0 und d
245 0 _aKARDEŞİMİN HİKAYESİ
_cZÜLFÜ LİVANELİ
260 _bDOĞAN YAYINCILIK
999 _c1095135
_d1095135